MDQL
is popping MORE tags! Check the
thread
!
Quizzes
Events
Quiz Creation
Community
Videos
Private Events
Remove Ads
Sign In
Join for FREE
Feedback
Dark Mode
Quiz Categories
Sports
Geography
Music
Movies
Television
Just For Fun
Miscellaneous
History
Literature
Language
Science
Gaming
Entertainment
Religion
Holiday
For Kids
Quiz Lab
Recent
Popular Today
Quiz Kudos Today
Editor Picks
Curator Picks
Quizzes by...
Day
Popularity
Type
Ratings
Length
Year
Community
Subscriptions
Recent Discussions
Orange Saloon
Badges
Playlists
Quests
Create
Leaderboards
Showdown
Live 5
Trivia Bingo
Activity
Puzzle Library
Sporcle Events
Private Events
Virtual Trivia
Globe League
Become a Host
Pub Owners
SporcleCon
Opinionation
Our Games
Videos
Blog
Mobile Apps
Partnerships
Remove Ads and Go Orange
Feedback
Gaming
Video Games
Board Games
Card Games
Pokémon
Mario
Nintendo
Minecraft
Console
Toys
Legend of Zelda
Gaming
Video Games
Board Games
Card Games
Pokémon
Mario
Nintendo
Minecraft
Console
Toys
Legend of Zelda
Random Quiz
Search Sporcle
×
Quiz Lab
Quiz Lab
Gaming
Backyard
Type in answers that appear in a list
Type in answers that appear in a list
Classic
Best Score? Go Orange.
Backyard Sports Nicknames Stats
Can you name the Backyard Sports Nicknames?
By
jkap11111
6m
29 Questions
83 Plays
83 Plays
83 Plays
Comments
Comments
Give Quiz Kudos
Give Quiz Kudos
-
- Ratings
hide this ad
Replay
Link that replays current quiz
Next Quiz
Link to next quiz in quiz playlist
You Got
0%
They Got
Avg Score
40%
Avg Friend Score
Upgrade to see
Score Distribution
Jump to the score distribution portion of the page
Score
0/29
Timer
06:00
0
Plays Today
Player
Nickname
% Correct
Pablo Sanchez
Secret Weapon
78.3%
Jocinda Smith
MVP
59%
Lisa Crockett
Mad Dog
56.6%
Amir Khan
Sticks
49.4%
Stephanie Morgan
Bubbles
49.4%
Dante Robinson
Stretch
47%
Mikey Thomas
Nugget
44.6%
Gretchen Hasselhoff
Jabberjaw
43.4%
Sally Dobbs
The Boss
43.4%
Ernie Steele
Funnybones
42.2%
Kiesha Phillips
Flash
42.2%
Achmed Khan
Axeman
41%
Dmitri Petrovich
Paste
41%
Ricky Johnson
Fella
39.8%
Tony Delvecchio
Vec
39.8%
Player
Nickname
% Correct
Billy Jean Blackwood
Crazy Legs
39.8%
Pete Wheeler
Wheelie
38.6%
Ashley Webber
Little Smokey
37.3%
Maria Luna
Pinky
34.9%
Luanne Lui
Lulu
34.9%
Reese Worthington
Big Toe
32.5%
Kenny Kawaguchi
K-Man
32.5%
Annie Frazier
Flipper
31.3%
Ronny Dobbs
Spud
31.3%
Angela Delvecchio
Sugar Pop
30.1%
Marky Dubois
Cootie
28.9%
Vicki Kawaguchi
Swan
28.9%
Jorge Garcia
Bonkers
26.5%
Kimmy Eckman
Twinkie Toes
19.3%
Quiz Playlist
Details
Report
Send in Message
Add To Playlist
Classic:
Type in answers that appear in a list
Last Updated: Feb 16, 2017
Quiz Scoreboard
CHALLENGE
Sign Up to Join the Scoreboard
Show All
Scores
Hide
Comments
May contain spoilers
Recently Published
Holiday 10x10 Sorting Gallery
by lukepisani3
Holiday
15m
Two Season TV Shows II
by 123Four
Television
10m
Image Sorting: Flags VI
by Barbecue
Geography
2m
More to Explore
Quiz From the Vault
Featured Blog Post
14 Easter Pick-up Lines to Find Eggs With
hide this ad
You Might Also Like...
Tags
Backyard
Backyard Sports
nickname
Player
Today's Top Quizzes in Gaming
Browse Gaming
hide this ad
Today's Top Quizzes in Backyard
Browse Backyard
Top Contributed Quizzes in Gaming
1
League of Legends Pro Players by Career/Team History
2
Genshin Impact Logic Puzzle
3
Destiny 2 exotic weapons by perk icons
4
Genshin murder mystery
5
4x4 Decades: Video Games
6
Genshin Impact Logic Puzzle Quiz
7
Ultimate Genshin Impact Logic Puzzle (up to 4.3)
8
Dead By Daylight Logic Puzzle
9
Who's on the WWE 2K24 Cover?
10
Overwatch Logic Puzzle
Explore More
Trending Topics
Anime
NBA
Disney
Kpop
Crossword
Marvel
Harry Potter
Country
Song
NFL
Puzzle
Pokémon
WWE
Soccer
The Office
hide this ad
More By:
jkap11111
Quiz
Plays
Rating
Category
Featured
Created
Drake and Josh characters
9,373
3.00
Television
Dec 17, 2009
All New York/New Jersey teams
5,558
2.21
Sports
Jan 7, 2010
Jimmy Neutron Characters
1,545
2.67
Television
Dec 15, 2009
NFL top performers per team 2009-2010
454
3.33
Sports
Jan 8, 2010
New York Giants 2009 Roster By #
193
1.00
Sports
Dec 30, 2009
Go to Creator's Profile
Score Distribution
Quiz Creator Spotlight
jkap11111
Follow
Send a Message
Quizzes Created
-
Created Quiz Play Count
-
More By This Creator
Popular Quizzes Today
1
Find the US States - No Outlines Minefield
2
Colored Red Africa Blitz
3
Find the 'City' Movie
4
The Countries of the World
5
5x2 Blitz: Bands
6
Find the Countries of Europe - No Outlines Minefield
7
Find the US States
8
US States
More Gaming Quizzes
Cover the Alphabet - Monopoly Properties (UK)
Quiz Lab
Trending Quizzes
Colored Red Europe Blitz I
Colored Red Europe Blitz II
Colored Red Africa Blitz II
Even More Two Season TV Shows
Colored Red Africa Blitz III
Recently Updated
Odd Team Out - Big 4 Players
pecheneg
Quick Pick: 20 Twenties
pecheneg
March Madness Men's Triple Doubles
pecheneg
How Do You Spell That?
pecheneg
Godzilla Movies
pecheneg
Grab Bag: 4-10 Letters
pecheneg
2024 March Madness Bracket
pecheneg
Famous TV Couples
Peacemaker
Champions League XIs: Real Madrid
pecheneg
Largest US Cities 1790-2010
pecheneg
Trending Topics
Anime
NBA
Harry Potter
Disney
Kpop
Marvel
Crossword
Song
The Office
WWE
Soccer
Puzzle
Country
NFL
Pokémon
Your Account Isn't Verified!
In order to create a playlist on Sporcle, you need to verify the email address you used during registration. Go to your
Sporcle Settings
to finish the process.
Report this User
Report this user for behavior that violates our
Community Guidelines
.
Details:
Send Report
Go to the Sporcle.com Mobile Site →
Comments